[Event "Tournoi Skype 019A"]
[Site "Skype"]
[Date "????.??.??"]
[Round "7.11"]
[White "Mulrooney, Justin"]
[Black "Farthouat, Titoine"]
[Result "1/2-1/2"]
[WhiteElo "1729"]
[BlackElo "1569"]
[PlyCount "134"]

1. d4 d5 2. c4 e6 3. Nc3 Nf6 4. Nf3 Nbd7 5. e3 b6 6. cxd5 exd5 7. Bd3 Bb7 8.
O-O Rc8 9. Bd2 c5 10. dxc5 Bxc5 11. Bf5 O-O 12. Nb5 a6 13. Nbd4 Re8 14. Bc3 Ne4
15. Bxe4 dxe4 16. Nd2 Ne5 17. N2b3 Be7 18. Nf5 Qxd1 19. Raxd1 Bf8 20. Bxe5 Rxe5
21. Nbd4 Bc5 22. a3 Rd8 23. b4 Bf8 24. Rc1 Rc8 25. Rxc8 Bxc8 26. Ng3 Bb7 27.
Rc1 a5 28. Nc6 Bxc6 29. Rxc6 axb4 30. axb4 b5 31. Rc8 g6 32. Ne2 Kg7 33. Nd4
Bxb4 34. h3 Bf8 35. Rb8 b4 36. Nc6 Rc5 37. Rb6 Rc1+ 38. Kh2 Rb1 39. Rb5 Rb2 40.
Kg1 Rb1+ 41. Kh2 b3 42. Nb4 b2 43. Nc2 Rf1 44. Rxb2 Rxf2 45. Kg1 Rd2 46. Ra2
Bc5 47. Kf1 Bxe3 48. Ra3 Rf2+ 49. Ke1 Rxc2 50. Rxe3 Rxg2 51. Rxe4 Rh2 52. h4
Kh6 53. Kf1 Kh5 54. Re7 Rxh4 55. Rxf7 Kg5 56. Kg2 h5 57. Kg3 Rg4+ 58. Kh3 h4
59. Rf8 Rg3+ 60. Kh2 Kg4 61. Rg8 g5 62. Rg6 h3 63. Rg8 Rg2+ 64. Kh1 Kh4 65.
Rh8+ Kg3 66. Rg8 g4 67. Rxg4+ Kxg4 1/2-1/2

[Event "Tournoi Skype 019A"]
[Site "Skype"]
[Date "????.??.??"]
[Round "7.12"]
[White "Saponara, Jose Maria"]
[Black "Murgia, Stefano"]
[Result "1-0"]
[WhiteElo "1583"]
[BlackElo "1705"]
[PlyCount "65"]

1. d4 f5 2. c4 Nf6 3. Nc3 d6 4. h4 e6 5. Bg5 Be7 6. e3 O-O 7. Bd3 Nbd7 8. f4
Ng4 9. Qe2 c6 10. Nf3 e5 11. dxe5 dxe5 12. e4 exf4 13. O-O-O Nc5 14. exf5 Ne3
15. Rd2 Re8 16. Bxf4 Nxd3+ 17. Rxd3 Nd5 18. cxd5 Bxf5 19. Re3 cxd5 20. Nd4 Bg6
21. h5 Bg5 22. Bxg5 Qxg5 23. hxg6 Rxe3 24. Qd2 Rae8 25. gxh7+ Kh8 26. Nd1 Rc8+
27. Nc2 Rg3 28. Qxg5 Rxg5 29. Rh2 d4 30. Kd2 Rg3 31. Nf2 g6 32. Ne4 Re3 33.
Nxe3 1-0

[Event "Tournoi Skype 019A"]
[Site "Skype"]
[Date "????.??.??"]
[Round "7.13"]
[White "Alvarez, Rafael Andres"]
[Black "Trivedi, Viral"]
[Result "1-0"]
[WhiteElo "1618"]
[BlackElo "1593"]
[PlyCount "39"]

1. d4 Nf6 2. Bf4 g6 3. Nf3 Bg7 4. Nc3 O-O 5. Qd2 d5 6. O-O-O Nc6 7. h4 Bg4 8.
Bh6 Ne4 9. Nxe4 dxe4 10. Nh2 Bxe2 11. Bxe2 Bxh6 12. Qxh6 Nxd4 13. Bc4 b5 14.
Bb3 Nxb3+ 15. axb3 Qc8 16. h5 Qa6 17. Kb1 c5 18. hxg6 fxg6 19. Ng4 c4 20. Qxh7#
1-0

[Event "Tournoi Skype 019A"]
[Site "Skype"]
[Date "????.??.??"]
[Round "7.14"]
[White "Legueltel, Daniel"]
[Black "Sauvaget, Joel"]
[Result "1/2-1/2"]
[WhiteElo "1842"]
[BlackElo "1658"]
[PlyCount "61"]

1. d4 d5 2. c4 Nf6 3. cxd5 Nxd5 4. e4 Nf6 5. Nc3 c6 6. Nf3 e6 7. Bd3 Be7 8. Bf4
Nbd7 9. O-O O-O 10. Qc2 h6 11. h3 Re8 12. Qd2 Bf8 13. Rac1 Be7 14. Rfd1 Nf8 15.
Qe3 N6h7 16. Ne2 Ng6 17. Bh2 Ng5 18. Nxg5 Bxg5 19. f4 Be7 20. Ng3 Bd7 21. e5
Nf8 22. Ne4 Rc8 23. Rf1 f5 24. exf6 Bxf6 25. Nd6 Qb6 26. Nxc8 Rxc8 27. Rfd1
Bxd4 28. Bh7+ Kxh7 29. Qxd4 Qxd4+ 30. Rxd4 Be8 31. Rcd1 1/2-1/2

[Event "Tournoi Skype 019A"]
[Site "Skype"]
[Date "????.??.??"]
[Round "7.15"]
[White "Hague, Mark"]
[Black "Segura Lozano, Marcos Antonio"]
[Result "0-1"]
[WhiteElo "1453"]
[BlackElo "1788"]
[PlyCount "98"]

1. d4 Nf6 2. e3 c5 3. Nf3 e6 4. b3 cxd4 5. Nxd4 a6 6. Bd3 Nc6 7. Nxc6 bxc6 8.
O-O e5 9. Bb2 Qc7 10. Re1 d5 11. c4 Bd6 12. h3 e4 13. Be2 Be6 14. Nd2 Be5 15.
Qc2 O-O 16. Rac1 Rfc8 17. Bxe5 Qxe5 18. Qd1 Qg5 19. Kh2 h5 20. Rg1 Qh4 21. f4
Ng4+ 22. Bxg4 hxg4 23. Qe1 Qh6 24. Qg3 g6 25. Rgf1 Bf5 26. Rf2 Kg7 27. h4 Rh8
28. Rh1 Qxh4+ 29. Qxh4 Rxh4+ 30. Kg1 Rxh1+ 31. Kxh1 g3 32. Re2 dxc4 33. Nxc4
Rd8 34. Rd2 Rd3 35. Rxd3 exd3 36. Nd2 Bg4 37. Kg1 Be2 38. b4 Kf6 39. a4 Ke6 40.
Nb3 Kd5 41. Nd2 Kd6 42. Ne4+ Kc7 43. Nd2 c5 44. bxc5 Kc6 45. Ne4 f5 46. Nd2
Kxc5 47. Nb3+ Kb4 48. Nc1 d2 49. Na2+ Kb3 0-1

[Event "Tournoi Skype 019A"]
[Site "Skype"]
[Date "????.??.??"]
[Round "7.16"]
[White "Aranzubia, Desiderio"]
[Black "Yeter, Orhan"]
[Result "1/2-1/2"]
[WhiteElo "1591"]
[BlackElo "1612"]
[PlyCount "38"]

1. d4 Nf6 2. c4 e6 3. Nc3 Bb4 4. Bd2 c5 5. a3 Bxc3 6. Bxc3 cxd4 7. Bxd4 Nc6 8.
Bc3 O-O 9. b4 a6 10. e3 d6 11. Bd3 e5 12. Bc2 Be6 13. Bb3 b5 14. cxb5 Bxb3 15.
Qxb3 axb5 16. Ne2 Qc7 17. O-O Ne7 18. Rfc1 Qc4 19. Qxc4 bxc4 1/2-1/2

[Event "Tournoi Skype 019A"]
[Site "Skype"]
[Date "????.??.??"]
[Round "7.17"]
[White "Galani, Mahendra"]
[Black "Meaney, Mike"]
[Result "0-1"]
[WhiteElo "1487"]
[BlackElo "1430"]
[PlyCount "66"]

1. b3 Nf6 2. Bb2 e6 3. Nc3 c6 4. e4 d5 5. e5 Nfd7 6. d4 a6 7. Qg4 g6 8. Nf3 Bg7
9. Na4 Qe7 10. Bd3 b5 11. Nc3 c5 12. dxc5 Nxc5 13. Be2 b4 14. Nd1 Nbd7 15. a3
Ne4 16. O-O h5 17. Qh4 g5 18. Nxg5 Nxg5 19. Qg3 h4 20. Qg4 Bb7 21. f4 Qc5+ 22.
Kh1 h3 23. Qxg5 hxg2+ 24. Qxg2 O-O-O 25. axb4 Qa7 26. Bf3 Bh6 27. Nc3 Bxf4 28.
h3 Rdg8 29. Qxg8+ Rxg8 30. Bg4 Nxe5 31. Nb5 axb5 32. Bxe5 d4+ 33. Bf3 Bxf3+ 0-1

[Event "Tournoi Skype 019A"]
[Site "Skype"]
[Date "????.??.??"]
[Round "7.18"]
[White "Thoune, Jim"]
[Black "Le Brun, Yves"]
[Result "1-0"]
[WhiteElo "1733"]
[BlackElo "1532"]
[PlyCount "87"]

1. d4 Nf6 2. c4 g6 3. Nc3 Bg7 4. e4 d6 5. Bd3 e5 6. d5 O-O 7. f3 c5 8. Be3 a6
9. Qd2 Kh8 10. Nge2 Bd7 11. O-O Nh5 12. g4 Nf6 13. Ng3 Qc8 14. h3 Ng8 15. Rae1
Qe8 16. Re2 b5 17. Rh2 h6 18. h4 Kh7 19. g5 h5 20. Nf5 Bxf5 21. exf5 f6 22. Ne4
Qe7 23. b4 bxc4 24. Bxc4 Nd7 25. bxc5 Nxc5 26. Nxc5 Rac8 27. Ne6 Rxc4 28. Nxf8+
Bxf8 29. Rc1 Rxc1+ 30. Qxc1 Qb7 31. Rd2 Ne7 32. Qc4 Kg7 33. Qb3 Qa8 34. Kf2 a5
35. a4 Kf7 36. Qb5 Nc8 37. Rb2 Ne7 38. Qb7 Qe8 39. Rb5 Qc8 40. Qxc8 Nxc8 41.
Rxa5 Be7 42. Rb5 Bd8 43. a5 Bc7 44. Rb7 1-0

[Event "Tournoi Skype 019A"]
[Site "Skype"]
[Date "????.??.??"]
[Round "7.19"]
[White "Sepulveda, Lyda Marcela"]
[Black "Mitrani, Alberto"]
[Result "0-1"]
[WhiteElo "1612"]
[BlackElo "1522"]
[PlyCount "86"]

1. e4 d6 2. d4 Nf6 3. Nc3 g6 4. Be3 Bg7 5. Be2 O-O 6. Qd2 Nc6 7. O-O-O e5 8. d5
Ne7 9. Bh6 Ng4 10. Bxg4 Bxg4 11. f3 Bd7 12. Bxg7 Kxg7 13. h4 f5 14. h5 f4 15.
hxg6 hxg6 16. Nh3 Ng8 17. Rh2 Nh6 18. Rdh1 Rh8 19. Qe1 g5 20. Nf2 Qf6 21. Qg1
Kf7 22. g3 a6 23. Ng4 Bxg4 24. fxg4 f3 25. Nd1 Kg6 26. Ne3 Raf8 27. Nf5 Nxg4
28. Ne7+ Kf7 29. Rxh8 Rxh8 30. Nf5 Kg8 31. Kd1 Nh6 32. Qa7 Nxf5 33. Qa8+ Kf7
34. Qxh8 Qxh8 35. Rxh8 Nxg3 36. Rh3 f2 37. Rh7+ Kg6 38. Rh1 Nxh1 39. Ke2 g4 40.
Kf1 g3 41. Kg2 Kg5 42. c3 Kf4 43. a4 Ke3 0-1

[Event "Tournoi Skype 019A"]
[Site "Skype"]
[Date "????.??.??"]
[Round "7.20"]
[White "Bendre, Pankaj"]
[Black "Alvarez, Juan Evangelista"]
[Result "1-0"]
[WhiteElo "1543"]
[BlackElo "1400"]
[PlyCount "57"]

1. e4 Nf6 2. e5 Nd5 3. c4 Nb6 4. c5 Nd5 5. d4 d6 6. Bb5+ c6 7. Ba4 dxc5 8. dxc5
Qa5+ 9. Bd2 Qxc5 10. Nf3 Bg4 11. h3 Bf5 12. Na3 b5 13. Rc1 Qb6 14. Bb3 Be4 15.
O-O Na6 16. Ng5 Bg6 17. e6 f6 18. Nf3 O-O-O 19. Qe1 Bd3 20. Ba5 Qb7 21. Bxd8
Kxd8 22. Bxd5 cxd5 23. Qa5+ Qb6 24. Qxb6+ axb6 25. Rfe1 Be4 26. Nd4 Nb4 27.
Nc6+ Nxc6 28. Rxc6 h5 29. Rec1 1-0

[Event "Tournoi Skype 019A"]
[Site "Skype"]
[Date "????.??.??"]
[Round "7.21"]
[White "Couto, Januario"]
[Black "Carballo, Jorge"]
[Result "0-1"]
[WhiteElo "1591"]
[BlackElo "1599"]
[PlyCount "50"]

1. c4 Nf6 2. Nc3 d5 3. cxd5 Nxd5 4. g3 e6 5. Bg2 c6 6. e4 Nxc3 7. bxc3 e5 8.
Nf3 Bg4 9. O-O Nd7 10. d4 Qc7 11. Qd3 Bxf3 12. Bxf3 Be7 13. Be3 O-O 14. Rfd1
Rad8 15. Qc2 Rfe8 16. d5 cxd5 17. exd5 Bc5 18. c4 Bxe3 19. fxe3 Nf6 20. e4 Qc5+
21. Kh1 b5 22. Rac1 Rc8 23. Be2 Qe3 24. Bd3 bxc4 25. Re1 Qxd3 0-1

[Event "Tournoi Skype 019A"]
[Site "Skype"]
[Date "????.??.??"]
[Round "7.22"]
[White "L'Herbon De Lussats, Jean"]
[Black "Aceituno, Stebe"]
[Result "1-0"]
[WhiteElo "1515"]
[BlackElo "1586"]
[PlyCount "71"]

1. d4 Nf6 2. Bg5 e6 3. c4 Be7 4. Nc3 Nc6 5. Nf3 d5 6. e3 a6 7. Bd3 Bd7 8. O-O
O-O 9. Qc2 Nb4 10. Qb1 Nxd3 11. Qxd3 dxc4 12. Qc2 Bc6 13. Ne5 Nd5 14. Bxe7 Qxe7
15. Ne4 Nb4 16. Nxc6 Nxc6 17. Qxc4 b5 18. Qxc6 Qb4 19. b3 Qe7 20. Nc5 Qd6 21.
Qe4 Rae8 22. a4 b4 23. Rac1 f5 24. Qd3 e5 25. Nxa6 exd4 26. Qc4+ Kh8 27. Nxb4
dxe3 28. Nd5 e2 29. Rfe1 c6 30. Qxc6 Qa3 31. Qc4 Qb2 32. Rc2 Qe5 33. Rcxe2 Qb8
34. g3 Rd8 35. Ne7 g6 36. Qc3+ 1-0